| 000 | 00843nam a2200253Ia 4500 | ||
|---|---|---|---|
| 003 | OSt | ||
| 005 | 20221005105708.0 | ||
| 006 | a|||||r|||| 00| 0 | ||
| 007 | ta | ||
| 008 | 221004b |||||||| |||| 00| 0 hin d | ||
| 024 | _a30242 | ||
| 037 | _cTextual | ||
| 040 |
_aCRL _cCRL _bhin |
||
| 041 |
_2hin _ahin |
||
| 082 | _aV2'C, 152L5 | ||
| 100 | _aओमप्रकाश | ||
| 245 | 0 | _aप्राचीन भारत का इतिहास | |
| 246 | _aPrāchīn bhārat kā itihāsa | ||
| 250 | _aचतुर्थ संस्करण | ||
| 260 |
_aनई दिल्ली _bविकास पब्लिशिंग हाउस प्रा. लि. भारत _c1982 |
||
| 300 |
_a496पृ. _ccm. |
||
| 942 |
_hV2'C, 152L5 _cTEXL _2cc |
||
| 999 |
_c1016604 _d1016604 |
||